000 01006 a2200253 4500
999 _c387
_d387
020 _a9781847062178
020 _a1847062172
020 _a9781847062185
020 _a1847062180
050 0 0 _aBL240.3 EDG 2008
100 _aBentely, Alex
_eeditor
245 0 4 _aThe edge of reason? :
_bscience and religion in modern society /
_cedited by Alex Bentley.
264 _aLondon:
_bContinuum International .,
_c2008
300 _a222p.
500 _aIncludes index
504 _aIncludes bibliographical references
650 0 _aReligion and science.
700 1 _aBentley, Alex.
856 4 1 _3Table of contents only
_uhttp://www.loc.gov/catdir/toc/ecip0810/2008005694.html
856 4 2 _3Contributor biographical information
_uhttp://www.loc.gov/catdir/enhancements/fy1116/2008005694-b.html
856 4 2 _3Publisher description
_uhttp://www.loc.gov/catdir/enhancements/fy1213/2008005694-d.html
942 _2lcc
_cBK
_h240.3
_iEDG
_kBL